00201nam a2200073 4500082001200000245004200012260006500054300000800119 a502 PRO aProcedings of the Annual Session - 54 aSri LankabAssociation for the Advancedment of Sciencec1999 a158